Educational psychology / (Record no. 49874)
[ view plain ]
| 000 -LEADER | |
|---|---|
| fixed length control field | 00954nam a2200325 4500 |
| 001 - CONTROL NUMBER | |
| control field | 49874 |
| 003 - CONTROL NUMBER IDENTIFIER | |
| rucl marc code | BD-RJUL |
| 005 - DATE AND TIME OF LATEST TRANSACTION | |
| control field | 20211209054736.0 |
| 008 - FIXED-LENGTH DATA ELEMENTS--GENERAL INFORMATION | |
| fixed length control field | 160823s1939 maua b 001 0 eng |
| 035 ## - SYSTEM CONTROL NUMBER | |
| System control number | BD-RJUL 49994 |
| System control number | (OCoLC)10193142 |
| System control number | GLIS00248099 |
| 040 ## - CATALOGING SOURCE | |
| Original cataloging agency | DLC |
| Transcribing agency | DLC |
| Modifying agency | MYG |
| Language of cataloging | eng |
| 041 ## - LANGUAGE CODE | |
| Language code of text/sound track or separate title | eng |
| 082 ## - DEWEY DECIMAL CLASSIFICATION NUMBER | |
| Edition number | 23 |
| Classification number | 370.15 |
| Author mark and year | JUE 1939 |
| 099 ## - LOCAL FREE-TEXT CALL NUMBER (OCLC) | |
| Bangla Class number | LB1051.G185 1984 |
| 100 1# - MAIN ENTRY--PERSONAL NAME | |
| Personal name | Judd, charles H. |
| 9 (RLIN) | 149479 |
| 245 10 - TITLE STATEMENT | |
| Title | Educational psychology / |
| Statement of responsibility, etc. | Charles H. Judd |
| 260 ## - PUBLICATION, DISTRIBUTION, ETC. (IMPRINT) | |
| Place of publication, distribution, etc. | Boston : |
| Name of publisher, distributor, etc. | Houghton Mifflin, |
| Date of publication, distribution, etc. | 1939 |
| 300 ## - PHYSICAL DESCRIPTION | |
| Pagination | 566 p. : |
| Illustrations | ill. ; |
| Size | 24 cm. |
| 500 ## - GENERAL NOTE | |
| General note | At head of title: Gage/Berliner. |
| General note | Includes indexes. |
| 504 ## - BIBLIOGRAPHY, ETC. NOTE | |
| Bibliography, etc | Bibliography: p. 754-791. |
| 650 #0 - SUBJECT ADDED ENTRY--TOPICAL TERM | |
| Topical term or geographic name as entry element | Educational psychology. |
| 9 (RLIN) | 149480 |
| 700 1# - ADDED ENTRY--PERSONAL NAME | |
| Personal name | Berliner, David C. |
| 942 ## - ADDED ENTRY ELEMENTS (KOHA) | |
| Source of classification or shelving scheme | Dewey Decimal Classification |
| Koha item type | Books |
| 949 ## - LOCAL PROCESSING INFORMATION (OCLC) | |
| a | MYGH |
| b | 39080003513626 |
| Lost status | Source of classification or shelving scheme | Damaged status | Not for loan | Collection code | Permanent Location | Current Location | Shelving location | Date acquired | Source of acquisition | Total Checkouts | Full call number | Date last seen | Copy number | Koha item type |
|---|---|---|---|---|---|---|---|---|---|---|---|---|---|---|
| Dewey Decimal Classification | Non-fiction | Central Library, University of Rajshahi | Central Library, University of Rajshahi | 01/03/1958 | U. S. S. | 370.15 JUE 1939 | 23/08/2016 | C-2 | Books |